Nazioni Premier League Manager of the Month - Statistics

Statistiche generali
  • Questo quiz è stato fatto 5 volte
  • Il punteggio medio è 17 su 20
Statistiche sulle risposte
Continente Numero titoli Numero allenatori Nazione % Corretto
America del Sud 4 1 Argentina
100%
Oceania 3 1 Australia
100%
America del Sud 4 1 Cile
100%
Europa 18 2 Francia
100%
Europa 4 3 Galles
100%
Europa 12 2 Germania
100%
Europa 10 4 Irlanda
100%
Europa 16 5 Italia
100%
Europa 11 4 Portogallo
100%
Europa 50 10 Scozia
100%
Europa 31 8 Spagna
100%
America del Nord 1 1 Stati Uniti
100%
Europa 1 1 Austria
80%
Europa 90 46 Inghilterra
80%
Europa 12 3 Irlanda del Nord
80%
Europa 1 1 Norvegia
80%
Europa 7 3 Paesi Bassi
80%
Europa 1 1 Svezia
60%
America del Nord 1 1 Giamaica
40%
Asia 1 1 Israele
40%
Nessun quiz corrispondente trovato
Distribuzione punteggi
Percentuale di utenti per punteggio
Percentile per numero di risposta
I tuoi punteggi nel tempo
Non hai fatto questo quiz